Statistics for Nordic capitals

Click here to take the quiz!

General Stats

  • This quiz has been taken 187 times
  • The average score is 5 of 5

Answer Stats

Answer% Correct
Helsinki
99%
Oslo
99%
Stockholm
97%
Copenhagen
88%
Reykjavik
85%

Score Distribution

Percentile by Number Answered

Percent of People with Each Score

Your Score History

You have not taken this quiz